00673nam a22002177a 4500003000500000005001700005008004100022010001000063011001000073035001000083040000900093082001600102100002400118245012300142260005800265300002200323490001900345650003600364650003600400830001900436CHAP20220329134156.0971013s1983 r 00010 d a16578 a17550 a21633 cCHAP a581.134bJ300aJackson, M. B.eed. aInteractions between nitrogen and growth regulators in the control of plant developmentb: proceedings of a meeting... aLondon :bBritish Plant Growth Regulator Group,c1983 a110 p.b; gráfs aMonographv; 914aNitrógenoxEfecto en plantas.14aPlantasxCrecimientoxAditivos.0 aMonographv; 9